Movies Quiz

Random Movies Quiz

Godfather Opening Monologue Quiz Stats

 Plays Quiz not verified by Sporcle

Challenge
Share
Tweet
Embed
Score 0/195 Timer 07:00
0 Plays Today
% Correct
And
98.3%
the
98.3%
a
98.3%
the
98.3%
a
98.3%
and
98.3%
the
98.3%
the
98.3%
the
98.3%
A
98.3%
the
98.3%
a
98.3%
The
98.3%
and
98.3%
the
98.3%
the
98.3%
a
98.3%
and
98.3%
I
97.5%
I
97.5%
I
97.5%
I
97.5%
I
97.5%
I
97.5%
I
97.5%
I
97.5%
I
97.5%
I
97.5%
be
88.4%
in
87.5%
in
87.5%
in
87.5%
in
87.5%
my
86.1%
my
86.1%
my
86.1%
to
85.6%
to
85.6%
to
85.6%
to
85.6%
to
85.6%
to
85.6%
to
85.6%
America.
82.8%
America
82.8%
an
81.4%
an
81.4%
me.
81.1%
daughter
80.6%
he
79.6%
her
79.2%
her
79.2%
her
79.2%
her
79.2%
her
79.2%
her.
79.2%
her
79.2%
her.
79.2%
her
79.2%
Her
79.2%
for
75.5%
They
74.5%
they
74.5%
they
74.5%
They
74.5%
% Correct
She
74.4%
She
74.4%
She
74.4%
She
74.4%
She
74.4%
She
74.4%
She
74.4%
she
74.4%
believe
73.6%
of
69.2%
of
69.2%
of
69.2%
went
69.1%
went
69.1%
went
69.1%
went
69.1%
has
69%
was
68%
was
68%
was
68%
beat
65.1%
made
65%
made
65%
So
64.2%
Like
63.3%
like
63.3%
like
63.3%
American
61.5%
American.
61.5%
police
60.6%
fortune.
59.5%
then
59.4%
not
58.2%
raised
57.5%
never
57.5%
never
57.5%
good
57.2%
family.
54.8%
Then I said to my wife, 'For justice, we must go to Don Corleone.'
54.8%
will
54.5%
that
54.5%
day.
54.4%
at
54.3%
animal.
54.2%
honor.
54.1%
take
53.2%
kept
52.4%
hospital
52.3%
beautiful
52.3%
beautiful
52.3%
with
52%
with
52%
but
51.9%
But
51.9%
tried
50.5%
When
50.4%
did
50.3%
advantage
50.1%
girl.
49.8%
free
49.8%
life.
49.7%
judge
48.1%
again.
48%
drink
47.3%
movies
47.2%
% Correct
sentence.
47.1%
sentence!
47.1%
Italian.
46.6%
jaw
46.6%
fashion.
45.7%
suspended
45.5%
Suspended
45.5%
whiskey
44.1%
gave
44%
them
44%
very
43.9%
boys
43.7%
him.
43.5%
boyfriend
43.1%
boyfriend.
43.1%
took
42.8%
out
42.4%
Now
42.4%
taught
41.7%
Two
41.7%
two
41.7%
two
41.7%
wire.
41.6%
resisted.
41.2%
smiled
41.1%
Why
40.7%
broken.
39.4%
those
38.7%
didn't
37.4%
courtroom
36%
by
35.8%
nose
35.5%
fool
35.1%
light
34.3%
couldn't
33.7%
dishonor
33.6%
because
33.2%
Stood
33.2%
late.
33.1%
held
33%
drive
32.9%
another
32.8%
weep
32.1%
wept.
32.1%
weep?
32.1%
were
31.9%
together
31.8%
three
31.8%
pain.
31.6%
even
31.1%
years
30.9%
stayed
30.7%
found
30.5%
bastards
30%
freedom
29.4%
prison
28.7%
These
27.4%
sentenced
26.9%
protest.
26.4%
shattered
25.5%
brought
25.3%
months
25.1%
trial.
21.9%
ago
21.7%
Sorry...
13.4%

You're not logged in!

Compare scores with friends on all Sporcle quizzes.
Join for Free
OR
Log In

You Might Also Like...

Show Comments

Extras

Created Apr 10, 2011SourceReportNominate
Tags:godfather, monologue

Top Quizzes Today


Score Distribution

Your Account Isn't Verified!

In order to create a playlist on Sporcle, you need to verify the email address you used during registration. Go to your Sporcle Settings to finish the process.

Report this User

Report this user for behavior that violates our Community Guidelines.

Details: